| 000 | 00900cam a2200253 4500 | ||
|---|---|---|---|
| 001 | ABS62434 | ||
| 008 | 000000n2000 000 0 eng u | ||
| 035 | _a(Sirsi) u106506 | ||
| 100 | _aGreen, H. | ||
| 100 | _aStrange, A. | ||
| 100 | _aTrache, H. | ||
| 245 | 4 | _aThe homeworking revolution: considering the property dimension | |
| 260 | _c2000 | ||
| 490 |
_aRegional Studies _v34(3) May 2000, 303-306(4) |
||
| 520 | _aReviews the current debate about working from home. Focuses on the issue of the suitability of domestic accommodation as a location for business activity. Points are illustrated with evidence from recent homeworking initiatives. References. | ||
| 590 | _aABS | ||
| 650 | _aTELEWORKING | ||
| 650 | _aHOMEWORKING | ||
| 650 | _aFLEXIBLE WORKING | ||
| 650 | _aEMPLOYMENT POLICY | ||
| 650 | _aHUMAN RESOURCES | ||
| 690 | _aMANAGEMENT-BUSINESS MANAGEMENT | ||
| 942 | _n0 | ||
| 999 |
_c63801 _d63801 |
||